Normal view
MARC view
- Shakil Ahmad, A'XEN
Entry Personal Name
001 - CONTROL NUMBER
- control field: 48505
003 - CONTROL NUMBER IDENTIFIER
- control field: NUST
005 - DATE AND TIME OF LATEST TRANSACTION
- control field: 20210314134049.0
008 - FIXED-LENGTH DATA ELEMENTS
- fixed length control field: 210314|| aca||aabn | a|a d
040 ## - CATALOGING SOURCE
- Original cataloging agency: NUST
- Transcribing agency: NUST
100 ## - HEADING--PERSONAL NAME
- Personal name: Shakil Ahmad, A'XEN
670 ## - SOURCE DATA FOUND
- Source citation: Work cat.: (NUST): Shakil Ahmad, A'XEN, Landslide hazard management and control in Murree area, 2001
